000
00288nam a22001337a 4500
008
171124b xxu||||| |||| 00| 0 eng d
020
_a
0805366512
041
_a
eng
080
_2
3RD
_a
54
100
_a
12
101
_a
KIM
245
_a
ORGANIC CHEMISTRY
_c
LOUDON,G.M
942
_2
udc
_c
BK
999
_c
38483
_d
38483